00328nam a2200145Ia 4500003000900000008004100009040001300050040001300063100001900076245005000095250001200145260001100157300000800168490000600176IT-RoPAU120407s9999 xx 000 0 und d aIT-RoPAU cIT-RoPAU aVirgilio Inama aAntichità greche pubbliche, sacre e private aMilano  aHoepli c cm v1